000 00628nam a2200241Ia 4500
003 OSt
005 20221006144715.0
006 a|||||r|||| 00| 0
007 ta
008 221006b |||||||| |||| 00| 0 eng d
020 _c
_5.95 (each)
024 _a12,442
037 _cTextual
040 _aEASL
_cEASL
_beng
041 _2eng
_aeng
082 _aV41.N67, K8;1
100 _aTRUMBULL Yomiuri
_9652664
245 0 _aThis is communist China
260 _aNew York
_bDavid Mckay
_c1968
300 _a274p.
_ccm.
942 _hV41.N67, K8;1
_cTEXL
_2CC
999 _c1080528
_d1080528